Normal view
MARC view
- Blake, Roy
Entry Personal Name
001 - CONTROL NUMBER
- control field: 65704
003 - CONTROL NUMBER IDENTIFIER
- control field: NUST
005 - DATE AND TIME OF LATEST TRANSACTION
- control field: 20210628203458.0
008 - FIXED-LENGTH DATA ELEMENTS
- fixed length control field: 210628|| aca||aabn | a|a d
040 ## - CATALOGING SOURCE
- Original cataloging agency: NUST
- Transcribing agency: NUST
100 ## - HEADING--PERSONAL NAME
- Personal name: Blake, Roy
670 ## - SOURCE DATA FOUND
- Source citation: Work cat.: (NUST): Blake, Roy, Wireless communication technology, 2007
